|
|
|
|
| LEADER |
00000nab a2200000 a 4500 |
| 001 |
vtls009005999 |
| 003 |
SK-MaSNL |
| 005 |
20260303065720.0 |
| 008 |
140617c2007 xo sr|p|||||||000 b|slo |
| 015 |
|
|
|a SNBRB2007/07
|2 snkbucl
|
| 038 |
|
|
|a SNKBUCL
|
| 040 |
|
|
|a SNKBUCL
|b slo
|c SNKBUCL
|e AACR2
|
| 041 |
0 |
|
|a slo
|
| 044 |
|
|
|a xo
|c SK
|
| 080 |
|
|
|a 614.84
|2 1997
|
| 080 |
|
|
|a 061.43
|2 1997
|
| 245 |
0 |
0 |
|a Hasičská technika
|b univerzálne hasičské vozidlo ULF 3000/4500
|
| 300 |
|
|
|b Fotogr.
|
| 650 |
0 |
7 |
|a ULF 3000/4500 (hasičské automobily)
|2 snkbucl
|9 1066152
|
| 650 |
0 |
7 |
|a požiarne vozidlá
|2 snkbucl
|9 51048
|
| 650 |
0 |
7 |
|a požiarna technika
|2 snkbucl
|9 69222
|
| 773 |
0 |
|
|t Požiarnik
|g Roč. LXXXIV, č. 7 (2007), s. 3 na kuléri
|x 0231-617X
|
| 852 |
|
|
|a SNK
|b KIS3GCP
|
| 999 |
|
|
|c 1752337
|d 1754267
|